Report of the Agricultural Education Committee of the Central Advisory Board of Education, 1944 (Record no. 489543)

000 -LEADER
fixed length control field 00619cam a22001577a 4500
008 - FIXED-LENGTH DATA ELEMENTS--GENERAL INFORMATION
fixed length control field 180718b1946 xxu||||| |||| 00| 0 eng d
082 ## - DEWEY DECIMAL CLASSIFICATION NUMBER
Classification number Px54 In2/31
100 ## - MAIN ENTRY--PERSONAL NAME
Personal name India. Agricultural Education Committee of the Central Advisory Board of Education
245 ## - TITLE STATEMENT
Title Report of the Agricultural Education Committee of the Central Advisory Board of Education, 1944
Statement of responsibility, etc. by Bureau of Education
260 ## - PUBLICATION, DISTRIBUTION, ETC.
Place of publication, distribution, etc. Delhi
Name of publisher, distributor, etc. The Manager of Publications
Date of publication, distribution, etc. 1946
300 ## - PHYSICAL DESCRIPTION
Extent 10p.
440 ## - SERIES STATEMENT/ADDED ENTRY--TITLE
Title Pamphlet No. 31
500 ## - GENERAL NOTE
General note Chairman: V.T. Krishnamachari
700 ## - ADDED ENTRY--PERSONAL NAME
Personal name India. Bureau of Education
700 ## - ADDED ENTRY--PERSONAL NAME
Personal name Krishnamachari, V.T. (Chairman)
Holdings
Withdrawn status Lost status Damaged status Not for loan Permanent Location Current Location Date acquired Full call number Barcode Date last seen Price effective from Koha item type
        Indian Institute of Public Administration Indian Institute of Public Administration 2018-08-04 Px54 In2/31 GG33063 2018-08-04 2018-08-04 GG

Powered by Koha